Missing Word: Movie Words Ending in 'C' Quiz Stats

 Plays Quiz Updated Sep 24, 2015

Challenge
Share
Tweet
Embed
Score 0/20 Timer 04:00
0 Plays Today
Hint Missing Word % Correct
Joan of ____Arc
97.2%
The Sound of _____Music
96.6%
_____ InstinctBasic
93.5%
_____ RoomPanic
87.3%
_____ MikeMagic
86.1%
_____ RiverMystic
83.6%
_____ RimPacific
82.6%
_____ Mr. FoxFantastic
80.4%
_____ ThunderTropic
80.2%
_____ EnemiesPublic
75.8%
Hint Missing Word % Correct
_____ ParkJurassic
73%
The Life _____ with Steve ZissouAquatic
65.4%
_____ HollywoodDoc
60.5%
The Best _____ Marigold HotelExotic
55.8%
Pink _____Cadillac
53.1%
The _____ KillerZodiac
24.6%
_____ MovieEpic
23.1%
_____ CityAtlantic
21%
Human _____Traffic
16.5%
_____: Vol.1 Nymphomaniac
13.1%

Today's Daily Dose

You're not logged in!

Compare scores with friends on all Sporcle quizzes.
Join for Free
OR
Log In

You Might Also Like...

Show Comments

Extras

Top Quizzes Today


Score Distribution

Your Account Isn't Verified!

In order to create a playlist on Sporcle, you need to verify the email address you used during registration. Go to your Sporcle Settings to finish the process.

Report this User

Report this user for behavior that violates our Community Guidelines.

Details: